Jeux vidéo en image - L - Statistiques

Statistiques générales
  • Ce quiz a été pris 94 fois
  • Le résultat moyen est 8 sur 20
Statistiques - réponses
Par images Réponse % Correct
LEGO Star Wars : La Saga Skywalker
97%
League of Legends
96%
Luigi's Mansion 3
94%
Life is strange
78%
Little Nightmares
67%
Little Big Planet 3
65%
Limbo
51%
Left 4 Dead
49%
Lies of P
46%
Lethal Company
44%
L.A. Noire
33%
Like a Dragon: Infinite Wealth
18%
Lords of The Fallen
13%
Little Misfortune
10%
Larry - Wet Dreams Dry Twice (Leisure Suit Larry: Wet Dreams Dry Twice)
6%
Lost Planet
6%
Lucius
6%
Layers of Fear
3%
Lost Judgment
3%
Left Alive
1%
Aucun quiz correspondant
Distribution des résultats
% des personnes avec chaque résultat
Percentile par nombre de réponses
Votre historique - résultats
Vous n’avez pas pris ce quiz